La vie des plantes
Zapisane w:
| Główni autorzy: | , , |
|---|---|
| Format: | Książka |
| Język: | francuski |
| Wydane: |
París
Larousse
1955
|
| Hasła przedmiotowe: | |
| Etykiety: |
Dodaj etykietę
Nie ma etykietki, Dołącz pierwszą etykiete!
|
MARC
| LEADER | 00000nam a2200000 a 4500 | ||
|---|---|---|---|
| 001 | UCU3421 | ||
| 003 | CL-VaPUC | ||
| 008 | 960510e19550000FR |||||||||||||||||fre|d | ||
| 082 | 0 | 4 | |a 581.1 |b GUI |2 21 |
| 100 | 0 | |a Guillaumin, André |e author |9 360351 | |
| 700 | 0 | |a Moreau, Fernand |e author |9 360352 | |
| 700 | 0 | |a Moreau, Claude |e author |9 360353 | |
| 245 | 1 | 3 | |a La vie des plantes |
| 300 | |a 471 p | ||
| 942 | |c BK | ||
| 945 | |d 19960510 00:00:00 |a rleighto | ||
| 260 | |a París |b Larousse |c 1955 | ||
| 650 | 0 | |a Botánica |9 264202 | |
| 650 | 0 | |a Plantas |9 264555 | |
| 650 | 0 | |a Vegetales |9 264557 | |
| 650 | 0 | |a Morfología vegetal |9 261628 | |
| 650 | 0 | |a Genética vegetal |9 264341 | |
| 650 | 0 | |a Hongos |9 261629 | |
| 650 | 0 | |a Algas (algae) |9 261246 | |
| 650 | 0 | |a Ecología |9 258124 | |
| 650 | 7 | |a FITOGEOGRAFIA |2 CL-VaPUC |9 264646 | |
| 583 | |a last modification |c 19960510 00:00:00 |k Rodrigo Vera | ||
| 999 | |c 247438 |d 247436 | ||
| 952 | |0 0 |1 0 |4 0 |6 581_100000000000000_GUI_1955 |7 0 |8 A |9 263340 |a BIBCUR |b BIBCUR |d 2019-11-19 |i 3198200 |l 2 |o 581.1 GUI 1955 |p 3198200 |r 2025-04-22 |s 2023-10-02 |w 2019-11-19 |y BK |k BCB | ||